000 00368nam a22001457a 4500
003 SGT
082 _a616.01
_bI76S
100 _aSELGY, PHILIP
245 _aINPLUENZA : VIRUS, VACCINES AND STRATEGY
260 _aLONDON
_bACADEMIC PRESS PUB
_c1976
300 _a354
650 _aMICROBIOLOGY
653 _aINPLUENZA : VIRUS, VACCINES AND STRATEGY
942 _2ddc
_cRARE
999 _c22351
_d22351